Indias demography (Record no. 152866)

MARC details
000 -LEADER
fixed length control field 00553nam a2200217Ia 4500
003 - CONTROL NUMBER IDENTIFIER
control field OSt
005 - DATE AND TIME OF LATEST TRANSACTION
control field 20250816123752.0
008 - FIXED-LENGTH DATA ELEMENTS--GENERAL INFORMATION
fixed length control field 210210b2013 xxu||||| |||| 00| 0 eng d
020 ## - INTERNATIONAL STANDARD BOOK NUMBER
International Standard Book Number 9788131605691
040 ## - CATALOGING SOURCE
Transcribing agency AL
041 ## - LANGUAGE CODE
Language code of text/sound track or separate title eng
082 ## - DEWEY DECIMAL CLASSIFICATION NUMBER
Classification number 304.6 MAJI
100 ## - MAIN ENTRY--PERSONAL NAME
Personal name Majunmdar P K
9 (RLIN) 236021
245 ## - TITLE STATEMENT
Title Indias demography
Remainder of title Changing demographic scenario in India
260 ## - PUBLICATION, DISTRIBUTION, ETC.
Place of publication, distribution, etc. Jaipur
Name of publisher, distributor, etc. Rawat Publications
Date of publication, distribution, etc. 2013
300 ## - PHYSICAL DESCRIPTION
Extent xxviii,536
650 ## - SUBJECT ADDED ENTRY--TOPICAL TERM
Topical term or geographic name entry element scenario
9 (RLIN) 236022
690 ## - LOCAL SUBJECT ADDED ENTRY--TOPICAL TERM (OCLC, RLIN)
Topical term or geographic name as entry element Population
9 (RLIN) 236029
906 ## - LOCAL DATA ELEMENT F, LDF (RLIN)
a 068691
942 ## - ADDED ENTRY ELEMENTS (KOHA)
Source of classification or shelving scheme Dewey Decimal Classification
Koha item type Book
Holdings
Withdrawn status Lost status Damaged status Not for loan Collection code Home library Current library Shelving location Date acquired Source of acquisition Cost, normal purchase price Total Checkouts Full call number Barcode Date last seen Date last checked out Price effective from Koha item type
          St Aloysius Library St Aloysius Library   02/17/2021 Intact Bookhouse Pvt. Ltd, Bangalore-560050 1495.00 2 304.6 MAJI 068691 02/01/2023 01/30/2023 02/17/2021 Book